000 00427nam a22001697a 4500
003 OSt
005 20140310182046.0
008 130817t xxu||||| |||| 00| 0 eng d
020 _a059034983X
050 _aNA 1
_b.J35 1989
082 _aHS 324.204
_bP75 1989
245 _aPolitics & People
_cSteve Janzen
260 _aNew York
_bScholastic Inc
_c1989
300 _a224 p.
_c23 cm.
942 _2lcc
_cHS
_kHS
999 _c8888
_d8888